| 000 | 00460nam a2200193Ia 4500 | ||
|---|---|---|---|
| 005 | 20240823045414.0 | ||
| 008 | 240823s9999||||xx |||||||||||||| ||und|| | ||
| 020 | _a81-8356-001-6 | ||
| 041 | _aENGLISH | ||
| 082 | _A515 P5 | ||
| 100 | _aJha D K | ||
| 245 | 0 | _aText Book of Vector Dynamics | |
| 250 | _a1st | ||
| 260 |
_c2005 _bDiscovery Publishing House (p |
||
| 500 | _aYES | ||
| 650 |
_aVector Dynamics _bMechanical |
||
| 942 | _cBK | ||
| 999 |
_c214886 _d214886 |
||